Travis Scott Songs by the Lyrics - Statistics

General Stats
  • This quiz has been taken 957 times
  • The average score is 11 of 20
Answer Stats
Hint Answer % Correct
"F*ck the club up! F*ck the club up! F*ck the club up! No Bystanders
85%
"She a porn-star girl, oh from the valley" 90210
81%
"Tell me is you still up, its 5am and I'm drunk right now tell me can we still f*ck" I Know
75%
"Order some more money, order some more bottles, order some more money, I know you wanna be rich b*tch" Nightcrawler
73%
"Feels like slo-motion, we're floating at the speed" Skeletons
66%
"Call your friends, let's get drunk" Maria I'm Drunk
65%
"I replay them nights, and right by my side all I see is a sea of people that ride wit' me" My Eyes
63%
"You ease my mind you make everything feel fine" Goosebumps
57%
"Yet the question that arises to the mind, Will he make it? Was it worth it? Did he win? Will he survive? The Rodeo." Apple Pie
56%
"This sh*t is outta control, I'm driving through hell and I done brought snow" Hyaena
56%
"Smoking hella weed I'm on the alcohol, shawty lick me clean the way she suck me off" Can't Say
55%
"Nine light years away, just outside the Kepler solar system" P*rnography
51%
"Baby please get off the gram, I like you better in the stands" Modern Jam
50%
"Got em, stage diving out the nosebleeds, and she hit that booger sugar till her nose bleeds" Stargazing
50%
"Thirtys in the city movin' slow" 3500
49%
"Spent a check on the weekend, I might do it all again" Antidote
44%
"I played the drums, she rolled the drugs I rocked the club, we both throw up" Drugs You Should Try It
42%
"I can't get no rest (we in the house)" Way Back
39%
"Just know what this about, palm trees, oceans, fresh air that can break your heart." Stop Trying to Be God
34%
"How would you feel if I had you? Trust me, you'd be mad too." Coffee Bean
31%
No matching quizzes found
Score Distribution
Percent of People with Each Score
Percentile by Number Answered
Your Score History
You have not taken this quiz